=LDR 00000nam 2200000 4500 =001 INLIS000000000054809 =005 20200305110216 =035 ##$$a 0010-0220000371 =007 ta =008 200305################g##########0#ind## =082 ##$$a 113.059.72 =084 ##$$a 113.059.72 KOS k =245 ##$$a Kosmologi orang wemale di Seram Barat /$c Drs. Abubakar =250 ##$$a Cet. 1 =260 ##$$a Ambon :$b Depdikbud,$c 1999 =300 ##$$a iii, 73 hlm. ; $c 15,5 x 21 cm =504 ##$$a Bibliografi : hlm. 73 =600 #4$$a Kosmologi =990 ##$$a 139.709/Hd-99 =990 ##$$a 139.708/Hd-99